Contingency release during project executing; The contractor’s decision-making dilemma (Record no. 514288)

000 -LEADER
fixed length control field 01408nam a22001577a 4500
008 - FIXED-LENGTH DATA ELEMENTS--GENERAL INFORMATION
fixed length control field 201023b ||||| |||| 00| 0 eng d
100 ## - MAIN ENTRY--PERSONAL NAME
Personal name Ayub, B. Jamaluddin,M and Ullah, F.
245 ## - TITLE STATEMENT
Title Contingency release during project executing; The contractor’s decision-making dilemma
260 ## - PUBLICATION, DISTRIBUTION, ETC. (IMPRINT)
Place of publication, distribution, etc Project Management Journal
300 ## - PHYSICAL DESCRIPTION
Extent 50(6), 2019: p. 734-748
520 ## - SUMMARY, ETC.
Summary, etc Risk is inherent in construction projects and managed through contingency. Dynamic management of contingency escrow accounts during project execution poses decision-making challenges. Project managers use key performance indicators (KPIs) for contingency release decisions. However, their subjective mental models influence risk perception, exacerbating the decision-making dilemma. This research integrates project KPIs with future risk perception to develop a mathematical model for facilitating such decision making. Results suggest timely completion, project cost, stakeholder satisfaction, quality and safety as top KPIs, and the influence of managerial pressure as a significant decision contributor. The proposed model helps project managers in dynamic decision making for cost contingency.- Reproduced
650 ## - SUBJECT ADDED ENTRY--TOPICAL TERM
Topical term or geographic name as entry element Contingency management, Contingency release, Key performance indicators, Mathematical model
9 (RLIN) 18854
773 ## - HOST ITEM ENTRY
Main entry heading Project Management Journal
906 ## - LOCAL DATA ELEMENT F, LDF (RLIN)
Subject DIP CONTINGENCY MANAGEMENT
942 ## - ADDED ENTRY ELEMENTS (KOHA)
Item type Articles
Holdings
Withdrawn status Lost status Source of classification or shelving scheme Damaged status Not for loan Permanent location Current location Date acquired Serial Enumeration / chronology Barcode Date last seen Koha item type
          Indian Institute of Public Administration Indian Institute of Public Administration 2020-10-23 50(6), 2019: p.734-748 AR123319 2020-10-23 Articles

Powered by Koha